=LDR 00000nam 2200000 4500 =247 ##$$a =856 ##$$a =700 #$$a =650 #$$a Projek Penguatan Profil Pelajar Pancasila =520 #$$a Di jenjang pendidikan madrasah, pembinaan generasi muda yang berkualitas ini dilakukan melalui program P5RA (Projek Penguatan Profil Pelajar Pancasila Rahmatan Lil Alamin). Sebagai upaya membangun sikap dan perilaku yang mencerminkan nilai-nilai luhur Pancasila yang universal dan menjunjung tinggi toleransi. SISDALAK P5RA ini memiliki dua misi utama, yakni untuk memudahkan guru dalam pelaksanaan P5RA dan menjamin P5RA efektif mencapai tujuan. Program ini mendapatkan dukungan dari berbagai pihak yang piloringnya dimulai dari Kota Surakarta, Jawa Tengah dan diproyeksikan untuk bisa digunakan di semua madrah secara nasional. =321 ##$$a =310 ##$$a =300 ##$$a vii, 53 hlm. : $b ill. ; $c 30 cm $e =260 ##$$a Jakarta : $b Pusbangkom Pimnas dan Manajerial ASN. ; $c 2024 =001 $a INLIS000000000020853 =245 ##$$a Sistem Pengendalian Pelaksanaan Projek Penguatan Profil Pelajar Pancasila Rahmatan Lil Alamin (Sisdalak P5RA) Di Lingkungan Madrasah Kementerian Agama $b $c Mustain Ahmad =100 #$$a Mustain Ahmad =084 ##$$a R 0068 PKN I 2024 =082 ##$$a =035 ##$$a 0010-0426000010 =020 ##$$a =008 $a 260413################g##########0#ind## =005 $a 20260413144003